[Event "Irish Championship 2016"]
[Site "Dublin IRL"]
[Date "2016.07.08"]
[Round "7.1"]
[White "Jessel, Stephen"]
[Black "Fox, Anthony"]
[Result "1-0"]
[WhiteTitle "FM"]
[WhiteElo "2344"]
[BlackElo "1997"]
[WhiteICU "2304"]
[BlackICU "1959"]
[WhiteClub "V&eacute;sinet FRA"]
[BlackClub "Dun Laoghaire"]
[WhiteNationality "IRL"]
[BlackNationality "IRL"]
[WhiteFideId "628859"]
[BlackFideId "2500736"]
[PlyCount "69"]
[EventDate "2016.07.02"]
[Source "Live boards"]

{ Event information: <a
href="https://www.irlchess.com/irlch2016_allfiles/pairings_irlch2016.html">Tournament
report</a>. }

1. Nf3 d5 2. c4 e6 3. g3 Nf6 4. Bg2 Be7 5. O-O O-O 6. b3 c5 7. e3 Nc6 8.
Bb2 d4 9. exd4 cxd4 10. Re1 Ne8 11. d3 f6 12. Na3 e5 13. Nc2 Nc7 14. Qd2 a5
15. a3 Na6 16. b4 axb4 17. axb4 Ncxb4 18. Nfxd4 Nxc2 19. Nxc2 Rb8 20. Bd5+
Kh8 21. d4 exd4 22. Bxd4 Bc5 23. Bxc5 Nxc5 24. Qf4 Bh3 25. Re3 Qd7 26. Rae1
Rbe8 27. f3 Rxe3 28. Qxe3 b6 29. Nd4 Qd6 30. g4 g5 31. Nf5 Qe5 32. Qd2 Qb8
33. Re7 Nb3 34. Qe3 Na5 35. Rxh7+ 1-0

[Event "Irish Championship 2016"]
[Site "Dublin IRL"]
[Date "2016.07.08"]
[Round "7.2"]
[White "Daly, Colm"]
[Black "Delaney, Killian"]
[Result "1-0"]
[WhiteTitle "FM"]
[WhiteElo "2334"]
[BlackElo "2190"]
[WhiteICU "2262"]
[BlackICU "2141"]
[WhiteClub "Bray/Greystones"]
[BlackClub "Gonzaga"]
[WhiteNationality "IRL"]
[BlackNationality "IRL"]
[WhiteFideId "2500434"]
[BlackFideId "2501570"]
[PlyCount "119"]
[EventDate "2016.07.02"]
[Source "Live boards"]

{ Event information: <a
href="https://www.irlchess.com/irlch2016_allfiles/pairings_irlch2016.html">Tournament
report</a>. }

1. d4 Nf6 2. c4 g6 3. Nc3 Bg7 4. e4 d6 5. Nf3 O-O 6. Be2 e5 7. O-O Nc6 8.
d5 Ne7 9. a4 a5 10. Ne1 Nd7 11. Nd3 f5 12. f3 Kh8 13. b3 b6 14. b4 Ng8 15.
bxa5 Rxa5 16. Bd2 Bh6 17. Bxh6 Nxh6 18. Qd2 f4 19. Rfb1 g5 20. Nd1 g4 21.
N1f2 Qh4 22. fxg4 Nf6 23. h3 Bd7 24. Bd1 Nf7 25. Ne1 Ng5 26. Nf3 Nxf3+ 27.
Bxf3 h5 28. Ra3 hxg4 29. Bxg4 Nxg4 30. hxg4 Bxg4 31. Rbb3 Kg7 32. g3 Qh5
33. gxf4 exf4 34. Nxg4 Qxg4+ 35. Qg2 Qxg2+ 36. Kxg2 Kf6 37. Rh3 Ke5 38. Kf3
Kd4 39. Rh7 Rc5 40. Ra1 Rxc4 41. Rd1+ Ke5 42. Re7+ Kf6 43. Re6+ Kf7 44. Rh1
Kg7 45. Rg1+ Kf7 46. Rg5 Rxa4 47. Rf5+ Kg8 48. Rg5+ Kf7 49. Rf5+ Kg8 50.
Rg6+ Kh7 51. Rg1 Rxf5 52. exf5 Kh6 53. f6 Kh7 54. Rg5 b5 55. Kg4 f3+ 56.
Kxf3 b4 57. Rg7+ Kh6 58. Rg8 Ra1 59. Ke2 Ra2+ 60. Ke3 1-0

[Event "Irish Championship 2016"]
[Site "Dublin IRL"]
[Date "2016.07.08"]
[Round "7.3"]
[White "Scott, Luke"]
[Black "Butler, Kevin C."]
[Result "0-1"]
[WhiteElo "1922"]
[BlackElo "2042"]
[WhiteICU "1862"]
[BlackICU "1981"]
[WhiteClub "Blanchardstown"]
[BlackClub "Phibsboro"]
[WhiteNationality "IRL"]
[BlackNationality "IRL"]
[WhiteFideId "2507986"]
[BlackFideId "2501538"]
[PlyCount "72"]
[EventDate "2016.07.02"]
[Source "Live boards"]

{ Event information: <a
href="https://www.irlchess.com/irlch2016_allfiles/pairings_irlch2016.html">Tournament
report</a>. }

1. d4 Nf6 2. c4 g6 3. Nc3 Bg7 4. e4 d6 5. Nf3 O-O 6. Be2 e5 7. O-O Na6 8.
Be3 Ng4 9. Ne1 Nxe3 10. fxe3 c6 11. Nc2 Nc7 12. b4 Qe7 13. d5 Bd7 14. Qd2
cxd5 15. exd5 f5 16. e4 f4 17. c5 Rf6 18. cxd6 Qxd6 19. Na3 a6 20. Nc4 Qxb4
21. Rab1 Qc5+ 22. Kh1 Nb5 23. Nxb5 Bxb5 24. Nxe5 Qd6 25. Ng4 Rf7 26. Bxb5
axb5 27. Rxb5 Qa6 28. Rfb1 h5 29. Nf2 Qxa2 30. Qxa2 Rxa2 31. Nd3 f3 32. g3
h4 33. Nf4 hxg3 34. hxg3 Be5 35. Rc5 Rh7+ 36. Kg1 Bd4+ 0-1

[Event "Irish Championship 2016"]
[Site "Dublin IRL"]
[Date "2016.07.08"]
[Round "7.4"]
[White "O'Neill, Paul"]
[Black "Haque, Mustakim-Ul"]
[Result "1-0"]
[WhiteElo "1784"]
[BlackElo "1839"]
[WhiteICU "1785"]
[BlackICU "1704"]
[WhiteClub "Naomh Barrog"]
[BlackClub "Rathmines"]
[WhiteNationality "IRL"]
[BlackNationality "IRL"]
[WhiteFideId "2507692"]
[BlackFideId "2509334"]
[PlyCount "51"]
[EventDate "2016.07.02"]
[Source "Live boards"]

{ Event information: <a
href="https://www.irlchess.com/irlch2016_allfiles/pairings_irlch2016.html">Tournament
report</a>. }

1. e4 c6 2. Nc3 d5 3. Nf3 dxe4 4. Nxe4 Bf5 5. Ng3 Bg6 6. h4 h6 7. Ne5 Bh7
8. Qh5 g6 9. Bc4 e6 10. Qe2 Qf6 11. d4 Bd6 12. Ne4 Qe7 13. Bf4 Bb4+ 14. c3
Ba5 15. g4 Bc7 16. Qe3 Nf6 17. Bxh6 Bxe5 18. dxe5 Nxg4 19. Qf4 Nxh6 20.
Nf6+ Kd8 21. O-O-O+ Kc7 22. Qxh6 Qc5 23. Qg7 Qxc4 24. Qxh8 Qf4+ 25. Kb1
Qxe5 26. Qd8# 1-0

[Event "Irish Championship 2016"]
[Site "Dublin IRL"]
[Date "2016.07.08"]
[Round "7.5"]
[White "Mirza, Diana"]
[Black "Beatty, Ross"]
[Result "1/2-1/2"]
[WhiteTitle "WCM"]
[WhiteElo "1889"]
[BlackElo "1770"]
[WhiteICU "1916"]
[BlackICU "1847"]
[WhiteClub "St. Michael's"]
[BlackClub "St. Benildus"]
[WhiteNationality "IRL"]
[BlackNationality "IRL"]
[WhiteFideId "2503999"]
[BlackFideId "2507552"]
[PlyCount "49"]
[EventDate "2016.07.02"]
[Source "Live boards"]

{ Event information: <a
href="https://www.irlchess.com/irlch2016_allfiles/pairings_irlch2016.html">Tournament
report</a>. }

1. e4 e6 2. d3 d5 3. Nd2 Nf6 4. Ngf3 Bc5 5. d4 Bb6 6. e5 Nfd7 7. c3 c5 8.
Nb3 Nc6 9. Be3 cxd4 10. cxd4 f6 11. exf6 Nxf6 12. Bb5 Bd7 13. O-O O-O 14.
Nc5 Bxc5 15. dxc5 Qc7 16. Bg5 Ng4 17. g3 Rxf3 18. Bxc6 Raf8 19. Bxd7 Qxd7
20. Bf4 R8xf4 21. gxf4 Rxf4 22. f3 Ne3 23. Qd2 d4 24. Rae1 Qd5 25. Rxe3
1/2-1/2

[Event "Irish Championship 2016"]
[Site "Dublin IRL"]
[Date "2016.07.08"]
[Round "7.6"]
[White "Tirziman, Rudolf"]
[Black "MacElligott, Gerard"]
[Result "1-0"]
[BlackTitle "CM"]
[WhiteElo "1900"]
[BlackElo "2060"]
[WhiteICU "1838"]
[BlackICU "1984"]
[WhiteClub "Blanchardstown"]
[BlackClub "Elm Mount"]
[WhiteNationality "IRL"]
[BlackNationality "IRL"]
[WhiteFideId "2508664"]
[BlackFideId "2500647"]
[PlyCount "93"]
[EventDate "2016.07.02"]
[Source "Live boards"]

{ Event information: <a
href="https://www.irlchess.com/irlch2016_allfiles/pairings_irlch2016.html">Tournament
report</a>. }

1. e4 c5 2. Nf3 Nc6 3. Bb5 g6 4. Bxc6 bxc6 5. O-O Bg7 6. c3 Nf6 7. Re1 O-O
8. d4 cxd4 9. cxd4 d5 10. e5 Ne4 11. Nbd2 Nxd2 12. Nxd2 c5 13. Nb3 cxd4 14.
Qxd4 Bf5 15. Bf4 Qb6 16. Qxd5 Rac8 17. Be3 Qb8 18. Bd4 Be6 19. Qa5 Rfd8 20.
Qxa7 Qb4 21. Bc3 Qg4 22. f3 Qh5 23. Qe3 Bh6 24. Qe2 Bc4 25. Qe4 Rd5 26. Qg4
Qxg4 27. fxg4 Rb8 28. Nd4 Rbd8 29. Nf3 Rd3 30. Kf2 Ra8 31. a4 Bb3 32. a5
Ra6 33. Re4 e6 34. Rb4 Bd5 35. Rb8+ Kg7 36. g5 Rxf3+ 37. gxf3 Bxg5 38. Rb6
Ra7 39. a6 Bd8 40. Rb4 Be7 41. Rba4 Bc6 42. Bd4 Rd7 43. a7 Rxd4 44. Rxd4
Bc5 45. Ke3 f6 46. exf6+ Kxf6 47. Kd3 1-0

[Event "Irish Championship 2016"]
[Site "Dublin IRL"]
[Date "2016.07.08"]
[Round "7.7"]
[White "O'Connell, Gerard"]
[Black "Thee, Bernd"]
[Result "1-0"]
[WhiteElo "2104"]
[BlackElo "1961"]
[WhiteICU "2015"]
[BlackICU "1832"]
[WhiteClub "St. Benildus"]
[BlackClub "Adare"]
[WhiteNationality "IRL"]
[BlackNationality "IRL"]
[WhiteFideId "2500493"]
[BlackFideId "2505630"]
[PlyCount "95"]
[EventDate "2016.07.02"]
[Source "Live boards"]

{ Event information: <a
href="https://www.irlchess.com/irlch2016_allfiles/pairings_irlch2016.html">Tournament
report</a>. }

1. d4 d5 2. c4 Nc6 3. cxd5 Qxd5 4. e3 e5 5. Nc3 Bb4 6. Bd2 Bxc3 7. Bxc3
exd4 8. Ne2 Nf6 9. Nxd4 Bd7 10. Nb5 O-O-O 11. Bxf6 Qxd1+ 12. Rxd1 gxf6 13.
Be2 Be6 14. O-O Bxa2 15. Nxa7+ Nxa7 16. Ra1 Rd2 17. Rxa2 Rxe2 18. Rxa7 Kb8
19. Rfa1 Re1+ 20. Rxe1 Kxa7 21. Rd1 Kb6 22. Kf1 Kc6 23. Ke2 Rg8 24. Kf3 Rg5
25. e4 Rb5 26. Rd2 f5 27. exf5 Rxf5+ 28. Kg4 Rd5 29. Re2 Kd6 30. f4 c5 31.
f5 b5 32. Kg5 c4 33. Kf6 b4 34. g4 c3 35. bxc3 bxc3 36. Rc2 Rc5 37. h4 Rc7
38. g5 Kd5 39. Kg7 Ke5 40. f6 Kf5 41. Kxh7 Rc4 42. Kg7 Rc7 43. h5 Kxg5 44.
h6 Rc4 45. h7 Rh4 46. Rxc3 Rxh7+ 47. Kxh7 Kxf6 48. Kg8 1-0

[Event "Irish Championship 2016"]
[Site "Dublin IRL"]
[Date "2016.07.08"]
[Round "7.8"]
[White "Melaugh, Shane"]
[Black "Keogh, Eamon"]
[Result "0-1"]
[BlackTitle "NM"]
[WhiteElo "1677"]
[BlackElo "2021"]
[WhiteICU "1776"]
[BlackICU "1930"]
[WhiteClub "Elm Mount"]
[BlackClub "Kilkenny"]
[WhiteNationality "IRL"]
[BlackNationality "IRL"]
[WhiteFideId "2509580"]
[BlackFideId "2500264"]
[PlyCount "122"]
[EventDate "2016.07.02"]
[Source "Chess-Results.com"]

{ Event information: <a
href="https://www.irlchess.com/irlch2016_allfiles/pairings_irlch2016.html">Tournament
report</a>. }

1. e4 c5 2. Nf3 e6 3. d4 d5 4. exd5 exd5 5. Nc3 c4 6. b3 Bb4 7. Bd2 Qa5 8.
Na4 c3 9. Qe2+ Ne7 10. Bg5 Bd7 11. a3 Bd6 12. Bxe7 Bxe7 13. Nc5 O-O 14. b4
Qc7 15. Qd3 b6 16. Nxd7 Nxd7 17. Be2 a5 18. bxa5 Rxa5 19. O-O Bxa3 20. Qf5
g6 21. Qg5 Re8 22. Bd3 Be7 23. Qh6 Rea8 24. Rae1 Nf8 25. Ne5 Ne6 26. f4 Bf8
27. Qh4 Nxd4 28. f5 Be7 29. Qxd4 Bc5 30. Qxc5 Qxc5+ 31. Kh1 g5 32. f6 R5a7
33. Rf5 h6 34. Ng4 Ra1 35. Nxh6+ Kf8 36. Ref1 Rxf1+ 37. Bxf1 Ra1 38. h3 Qc4
39. Kg1 Qd4+ 40. Kh2 Rc1 41. Bd3 Re1 42. Ng4 Ke8 43. Bb5+ Kd8 44. Bc6 Qg1+
45. Kg3 d4 46. Rxg5 Kc7 47. Bb5 Re3+ 48. Nxe3 Qxe3+ 49. Kh4 Qf2+ 50. g3
Qxc2 51. Rg7 Qb3 52. Be8 Qe6 53. Rxf7+ Qxf7 54. Bxf7 c2 55. Bc4 c1=Q 56. f7
Qh6+ 57. Kg4 Kd6 58. Kf5 Qxh3+ 59. g4 Ke7 60. Kf4 d3 61. g5 Qh4+ 0-1

[Event "Irish Championship 2016"]
[Site "Dublin IRL"]
[Date "2016.07.09"]
[Round "8.1"]
[White "Jessel, Stephen"]
[Black "O'Neill, Paul"]
[Result "1-0"]
[WhiteTitle "FM"]
[WhiteElo "2344"]
[BlackElo "1784"]
[WhiteICU "2304"]
[BlackICU "1785"]
[WhiteClub "V&eacute;sinet FRA"]
[BlackClub "Naomh Barrog"]
[WhiteNationality "IRL"]
[BlackNationality "IRL"]
[WhiteFideId "628859"]
[BlackFideId "2507692"]
[PlyCount "119"]
[EventDate "2016.07.02"]
[Source "Live boards"]

{ Event information: <a
href="https://www.irlchess.com/irlch2016_allfiles/pairings_irlch2016.html">Tournament
report</a>. }

1. Nf3 Nf6 2. c4 c5 3. g3 Nc6 4. d4 cxd4 5. Nxd4 e6 6. Bg2 d5 7. O-O Bc5 8.
Nb3 Be7 9. Na3 O-O 10. cxd5 Nxd5 11. Nc4 b5 12. Ne3 Nxe3 13. Bxe3 Bb7 14.
Bc5 Qc7 15. Rc1 Rfd8 16. Qc2 Rac8 17. Bxe7 Qxe7 18. Qc5 Ba8 19. Qxb5 Rb8
20. Qc5 Qxc5 21. Rxc5 Nb4 22. Bxa8 Rxa8 23. a3 Nd5 24. Na5 Nb6 25. Rfc1 Rd2
26. R5c2 Rad8 27. Nc6 R8d7 28. Ne5 Rd8 29. Nd3 Rxc2 30. Rxc2 Rd7 31. f4 h5
32. Kf2 Nd5 33. Rc8+ Kh7 34. Kf3 Rb7 35. Rc5 g6 36. b4 Nc7 37. Ra5 Nb5 38.
Nc5 Rb8 39. Ke3 Kg7 40. h3 Rb6 41. g4 hxg4 42. hxg4 g5 43. fxg5 Kg6 44. Nd3
Rb7 45. a4 Nc7 46. Nf4+ Kg7 47. b5 f6 48. gxf6+ Kxf6 49. g5+ Kf7 50. Kd4
Ne8 51. Ke5 Nc7 52. e4 Ke7 53. Nd3 Ne8 54. Nc5 Rc7 55. Nxe6 Rd7 56. Nd4 Nd6
57. Nc6+ Ke8 58. Rxa7 Nf7+ 59. Kf4 Rd1 60. g6 1-0

[Event "Irish Championship 2016"]
[Site "Dublin IRL"]
[Date "2016.07.09"]
[Round "8.2"]
[White "Butler, Kevin C."]
[Black "Daly, Colm"]
[Result "0-1"]
[BlackTitle "FM"]
[WhiteElo "2042"]
[BlackElo "2334"]
[WhiteICU "1981"]
[BlackICU "2262"]
[WhiteClub "Phibsboro"]
[BlackClub "Bray/Greystones"]
[WhiteNationality "IRL"]
[BlackNationality "IRL"]
[WhiteFideId "2501538"]
[BlackFideId "2500434"]
[PlyCount "74"]
[EventDate "2016.07.02"]
[Source "Live boards"]

{ Event information: <a
href="https://www.irlchess.com/irlch2016_allfiles/pairings_irlch2016.html">Tournament
report</a>. }

1. e4 c5 2. Nf3 e6 3. d4 cxd4 4. Nxd4 a6 5. Bd3 Nf6 6. O-O d6 7. c4 g6 8.
Nc3 Bg7 9. Be3 O-O 10. Re1 b6 11. Bf1 Bb7 12. f3 Nbd7 13. Qd2 Qc7 14. Rad1
Rfe8 15. Nb3 Bf8 16. Bf4 Ne5 17. Qf2 Rac8 18. Na4 Ned7 19. Be3 Nc5 20.
Nbxc5 bxc5 21. Nc3 Nd7 22. Qd2 Nb8 23. g3 Nc6 24. Bg2 Red8 25. b3 Bg7 26.
Ne2 Ne5 27. Nc3 Rb8 28. Kh1 Rd7 29. f4 Nc6 30. Ne2 Ne7 31. Nc3 Rbd8 32. Bg1
Kf8 33. Qc2 Qa5 34. Na4 Bc6 35. Qd2 Qxd2 36. Rxd2 Bxa4 37. bxa4 Bc3 0-1

[Event "Irish Championship 2016"]
[Site "Dublin IRL"]
[Date "2016.07.09"]
[Round "8.3"]
[White "Delaney, Killian"]
[Black "O'Connell, Gerard"]
[Result "1/2-1/2"]
[WhiteElo "2190"]
[BlackElo "2104"]
[WhiteICU "2141"]
[BlackICU "2015"]
[WhiteClub "Gonzaga"]
[BlackClub "St. Benildus"]
[WhiteNationality "IRL"]
[BlackNationality "IRL"]
[WhiteFideId "2501570"]
[BlackFideId "2500493"]
[PlyCount "64"]
[EventDate "2016.07.02"]
[Source "Live boards"]

{ Event information: <a
href="https://www.irlchess.com/irlch2016_allfiles/pairings_irlch2016.html">Tournament
report</a>. }

1. e4 c5 2. c3 Nf6 3. e5 Nd5 4. Bc4 Nb6 5. Bb3 Nc6 6. Nf3 d5 7. exd6 Qxd6
8. Na3 Be6 9. d4 Bxb3 10. Qxb3 cxd4 11. Nb5 Qd7 12. Nbxd4 Nxd4 13. Nxd4 e6
14. O-O Be7 15. Rd1 O-O 16. Be3 Nd5 17. Nxe6 fxe6 18. c4 Rf5 19. cxd5 exd5
20. Rd2 b6 21. Rad1 Rd8 22. g4 Re5 23. h3 Qe6 24. Kg2 g5 25. Bd4 Re4 26.
Bc3 Rxg4+ 27. hxg4 Qxg4+ 28. Kf1 Qh3+ 29. Ke2 Qe6+ 30. Kf1 Qh3+ 31. Ke1
Qh1+ 32. Ke2 Qe4+ 1/2-1/2

[Event "Irish Championship 2016"]
[Site "Dublin IRL"]
[Date "2016.07.09"]
[Round "8.4"]
[White "Fox, Anthony"]
[Black "Beatty, Ross"]
[Result "1-0"]
[WhiteElo "1997"]
[BlackElo "1770"]
[WhiteICU "1959"]
[BlackICU "1847"]
[WhiteClub "Dun Laoghaire"]
[BlackClub "St. Benildus"]
[WhiteNationality "IRL"]
[BlackNationality "IRL"]
[WhiteFideId "2500736"]
[BlackFideId "2507552"]
[PlyCount "61"]
[EventDate "2016.07.02"]
[Source "Live boards"]

{ Event information: <a
href="https://www.irlchess.com/irlch2016_allfiles/pairings_irlch2016.html">Tournament
report</a>. }

1. e4 e6 2. d3 d5 3. Nd2 Nf6 4. Ngf3 Bc5 5. Be2 dxe4 6. dxe4 Ng4 7. O-O
Bxf2+ 8. Rxf2 Ne3 9. Qe1 Nxc2 10. Qd1 Nxa1 11. b3 Nxb3 12. Qxb3 Nd7 13. Ba3
c5 14. Qc3 O-O 15. e5 f6 16. Ne4 b6 17. exf6 Nxf6 18. Bb2 Qe7 19. Nxf6+
Qxf6 20. Qc2 Qe7 21. Bd3 h6 22. Ne5 Rxf2 23. Qxf2 Bd7 24. Qf3 Rd8 25. Qe4
g5 26. Ng4 Be8 27. Nxh6+ Kf8 28. Qe5 Qd7 29. Qf6+ Bf7 30. Nxf7 Qxd3 31.
Ne5+ 1-0

[Event "Irish Championship 2016"]
[Site "Dublin IRL"]
[Date "2016.07.09"]
[Round "8.5"]
[White "Scott, Luke"]
[Black "Tirziman, Rudolf"]
[Result "0-1"]
[WhiteElo "1922"]
[BlackElo "1900"]
[WhiteICU "1862"]
[BlackICU "1838"]
[WhiteClub "Blanchardstown"]
[BlackClub "Blanchardstown"]
[WhiteNationality "IRL"]
[BlackNationality "IRL"]
[WhiteFideId "2507986"]
[BlackFideId "2508664"]
[PlyCount "90"]
[EventDate "2016.07.02"]
[Source "Live boards"]

{ Event information: <a
href="https://www.irlchess.com/irlch2016_allfiles/pairings_irlch2016.html">Tournament
report</a>. }

1. d4 e6 2. Nf3 Nf6 3. c4 c5 4. d5 b5 5. Bg5 h6 6. Bxf6 Qxf6 7. Qc2 exd5 8.
cxd5 d6 9. e4 a6 10. a4 b4 11. Nbd2 Bg4 12. Be2 Bxf3 13. Bxf3 g6 14. O-O
Nd7 15. a5 Bg7 16. Rab1 O-O 17. Be2 Rfb8 18. b3 g5 19. g3 Ne5 20. f4 Ng6
21. fxg5 Qxg5 22. Nc4 Qe7 23. Bh5 Rb5 24. Rf5 Rf8 25. Bxg6 fxg6 26. Rxf8+
Qxf8 27. Rf1 Qe7 28. e5 Qg5 29. Qf2 dxe5 30. Qf7+ Kh7 31. Qc7 Qg4 32. Rf7
Qd4+ 33. Kg2 e4 34. Rxg7+ Qxg7 35. d6 Rb7 36. Qxc5 Rf7 37. Ne5 Rf8 38. Nc4
Qf6 39. Nd2 Qf5 40. Qxf5 gxf5 41. Nc4 Rd8 42. Kf2 Kg7 43. Ke3 Kf6 44. Kd4
Ke6 45. Kc5 Rb8 0-1

[Event "Irish Championship 2016"]
[Site "Dublin IRL"]
[Date "2016.07.09"]
[Round "8.6"]
[White "Keogh, Eamon"]
[Black "MacElligott, Gerard"]
[Result "0-1"]
[WhiteTitle "NM"]
[BlackTitle "CM"]
[WhiteElo "2021"]
[BlackElo "2060"]
[WhiteICU "1930"]
[BlackICU "1984"]
[WhiteClub "Kilkenny"]
[BlackClub "Elm Mount"]
[WhiteNationality "IRL"]
[BlackNationality "IRL"]
[WhiteFideId "2500264"]
[BlackFideId "2500647"]
[PlyCount "58"]
[EventDate "2016.07.02"]
[Source "Live boards"]

{ Event information: <a
href="https://www.irlchess.com/irlch2016_allfiles/pairings_irlch2016.html">Tournament
report</a>. }

1. d3 g6 2. g3 Bg7 3. Bg2 e5 4. e4 c6 5. Nc3 Ne7 6. f4 d6 7. Nf3 O-O 8. O-O
Nd7 9. Be3 f5 10. Qd2 exf4 11. gxf4 Nf6 12. e5 Ng4 13. h3 Nxe3 14. Qxe3 c5
15. Rae1 Nc6 16. Ng5 dxe5 17. Bd5+ Kh8 18. Nf7+ Rxf7 19. Bxf7 Bd7 20. Bd5
Qh4 21. Bg2 e4 22. Ne2 Nd4 23. Qc1 Nf3+ 24. Bxf3 exf3 25. Rxf3 Bc6 26. Re3
Bd4 27. Nxd4 cxd4 28. R3e2 Qg3+ 29. Kf1 Qxh3+ 0-1

[Event "Irish Championship 2016"]
[Site "Dublin IRL"]
[Date "2016.07.09"]
[Round "8.7"]
[White "Haque, Mustakim-Ul"]
[Black "Thee, Bernd"]
[Result "1-0"]
[WhiteElo "1839"]
[BlackElo "1961"]
[WhiteICU "1704"]
[BlackICU "1832"]
[WhiteClub "Rathmines"]
[BlackClub "Adare"]
[WhiteNationality "IRL"]
[BlackNationality "IRL"]
[WhiteFideId "2509334"]
[BlackFideId "2505630"]
[PlyCount "51"]
[EventDate "2016.07.02"]
[Source "Live boards"]

{ Event information: <a
href="https://www.irlchess.com/irlch2016_allfiles/pairings_irlch2016.html">Tournament
report</a>. }

1. d4 d5 2. c4 Nc6 3. Nc3 dxc4 4. Nf3 Nf6 5. d5 Na5 6. Qa4+ c6 7. b4 b5 8.
Qxa5 Qxa5 9. bxa5 b4 10. Nd1 cxd5 11. Be3 e6 12. g3 Bd6 13. Bf4 Bxf4 14.
gxf4 Bd7 15. Ne5 Ba4 16. Nb2 Bc2 17. Bg2 O-O 18. Nbxc4 Rab8 19. Nd6 Nh5 20.
Nd7 Rbd8 21. Nxf8 Nxf4 22. Bf3 Kxf8 23. Rc1 Ba4 24. Rc8 Ke7 25. Rxd8 Kxd8
26. Nxf7+ 1-0

[Event "Irish Championship 2016"]
[Site "Dublin IRL"]
[Date "2016.07.09"]
[Round "8.8"]
[White "Mirza, Diana"]
[Black "Melaugh, Shane"]
[Result "1-0"]
[WhiteTitle "WCM"]
[WhiteElo "1889"]
[BlackElo "1677"]
[WhiteICU "1916"]
[BlackICU "1776"]
[WhiteClub "St. Michael's"]
[BlackClub "Elm Mount"]
[WhiteNationality "IRL"]
[BlackNationality "IRL"]
[WhiteFideId "2503999"]
[BlackFideId "2509580"]
[PlyCount "61"]
[EventDate "2016.07.02"]
[Source "Scoresheet"]

{ Event information: <a
href="https://www.irlchess.com/irlch2016_allfiles/pairings_irlch2016.html">Tournament
report</a>. }

1. e4 c5 2. Nf3 Nc6 3. Bb5 d6 4. O-O Bd7 5. Re1 a6 6. Bf1 e5 7. c3 Bg4 8.
h3 Bh5 9. d3 Be7 10. Nbd2 Nf6 11. Nc4 b5 12. Ne3 d5 13. exd5 Nxd5 14. Nf5
O-O 15. g4 Bg6 16. Nxe5 Nxe5 17. Rxe5 Bf6 18. Re4 Bxf5 19. gxf5 Bxc3 20.
bxc3 Nxc3 21. Qg4 Nxe4 22. dxe4 Qf6 23. Rb1 c4 24. Bg5 Qd4 25. Rd1 Qb2 26.
f6 g6 27. Qh4 h5 28. Bc1 Qe5 29. Rd5 Qc3 30. Rxh5 gxh5 31. Qg5+ 1-0

[Event "Irish Championship 2016"]
[Site "Dublin IRL"]
[Date "2016.07.10"]
[Round "9.1"]
[White "Haque, Mustakim-Ul"]
[Black "Jessel, Stephen"]
[Result "0-1"]
[BlackTitle "FM"]
[WhiteElo "1839"]
[BlackElo "2344"]
[WhiteICU "1704"]
[BlackICU "2304"]
[WhiteClub "Rathmines"]
[BlackClub "V&eacute;sinet FRA"]
[WhiteNationality "IRL"]
[BlackNationality "IRL"]
[WhiteFideId "2509334"]
[BlackFideId "628859"]
[PlyCount "96"]
[EventDate "2016.07.02"]
[Source "Live boards"]

{ Event information: <a
href="https://www.irlchess.com/irlch2016_allfiles/pairings_irlch2016.html">Tournament
report</a>. }

1. d4 e6 2. Nf3 d5 3. c4 c6 4. Nc3 Nf6 5. cxd5 exd5 6. Qc2 Be7 7. Bf4 Na6
8. a3 O-O 9. e3 Nc7 10. Bd3 Ne6 11. Bg3 g6 12. h3 c5 13. dxc5 Nxc5 14. Rd1
Qa5 15. O-O Nxd3 16. Qxd3 Bf5 17. Qd4 Rfd8 18. Be5 Qa6 19. Qf4 Nh5 20. Qd4
Nf6 21. Qf4 Bc2 22. Rd2 Nh5 23. Qd4 Bb3 24. Qg4 f5 25. Qd4 Rac8 26. Re1 Nf6
27. Qh4 Qe6 28. Qg3 Ne4 29. Nd4 Qf7 30. Nxe4 dxe4 31. Nxb3 Qxb3 32. Rxd8+
Bxd8 33. Bc3 Qd5 34. Qe5 Qxe5 35. Bxe5 Kf7 36. Rd1 Ke6 37. Bc3 b5 38. Kf1
Be7 39. Ke2 Bxa3 40. Rc1 Bd6 41. Ra1 Bc5 42. Ra5 b4 43. Bd2 Bb6 44. Rb5 Rc2
45. b3 Rb2 46. Rxb4 Rxd2+ 47. Kxd2 Ba5 48. Kc3 Kd5 0-1